000 01226nam a2200253Ia 4500
003 Ost
005 20260507074914.0
008 260507s9999||||xx |||||||||||||| ||und||
020 _a9957113445
040 _cfsecg
041 _aara
082 _a658.4063
100 _aنجم، نجم عبود
_eمؤلف
245 0 _aإدارة الابتكار :
_bالمفاهيم و الخصائص و التجارب الحديثة /
_c نجم عبود نجم
260 _aعمان:
_bدار وائل للنشر و التوزيع,
_c2003
300 _a393 صفحة؛
_bإيضاحات ؛
_c24 سم
504 _aببليوغرافيا: ص.336؛ ملاحق ص.377
520 _aالمدخل إلى الابتكار، العوامل المؤثرة في الابتكار، الابتكار الجذري/التحسينن المنظور الاقصادي للابتكار والانتشار، تطوير المنتجات ودورة حياة المنتج، بعض التجارب في مجال الابتكار، الابتكار وبعض المجالات المختارة
653 _aادارة الاعمال
653 _aادارة الافراد
653 _aالابتكار
653 _aالادارة
942 _cكتاب
999 _c41758
_d41758